F1 : (Record no. 411955)
[ view plain ]
| 000 -LEADER | |
|---|---|
| fixed length control field | 02178ngm a22005052a 4500 |
| 001 - CONTROL NUMBER | |
| control field | on1532435410 |
| 003 - CONTROL NUMBER IDENTIFIER | |
| control field | MWT |
| 005 - DATE AND TIME OF LATEST TRANSACTION | |
| control field | 20251011161514.0 |
| 007 - PHYSICAL DESCRIPTION FIXED FIELD--GENERAL INFORMATION | |
| fixed length control field | vd cvaizs |
| 008 - FIXED-LENGTH DATA ELEMENTS--GENERAL INFORMATION | |
| fixed length control field | 250929s2025 xxu155 e vleng d |
| 020 ## - INTERNATIONAL STANDARD BOOK NUMBER | |
| Terms of availability | $35.99 |
| 024 1# - OTHER STANDARD IDENTIFIER | |
| Standard number or code | 883929836819 |
| 028 42 - PUBLISHER NUMBER | |
| Publisher number | 18462163 |
| 040 ## - CATALOGING SOURCE | |
| Original cataloging agency | Midwest |
| Description conventions | RDA |
| 092 ## - LOCALLY ASSIGNED DEWEY CALL NUMBER (OCLC) | |
| Classification number | DVD |
| 245 00 - TITLE STATEMENT | |
| Title | F1 : |
| Remainder of title | the movie |
| Medium | [videorecording]. |
| 246 ## - VARYING FORM OF TITLE | |
| Title proper/short title | F one |
| 246 ## - VARYING FORM OF TITLE | |
| Title proper/short title | Formula one |
| 250 ## - EDITION STATEMENT | |
| Edition statement | Widescreen ed. |
| 260 ## - PUBLICATION, DISTRIBUTION, ETC. (IMPRINT) | |
| Place of publication, distribution, etc | [United States] : |
| Name of publisher, distributor, etc | Warner Bros., |
| Date of publication, distribution, etc | 2025. |
| 264 ## - Production, Publication, Distribution, Manufacture, and Copyright Notice. | |
| Place of production, publication, distribution, manufacture | [United States] : |
| Name of producer, publisher, distributor, manufacturer | Warner Bros., |
| Date of production, publication, distribution, manufacture, or copyr | 2025. |
| 300 ## - PHYSICAL DESCRIPTION | |
| Extent | 1 videodisc (ca. 155 min.) : |
| Other physical details | sd., col. ; |
| Dimensions | 4 3/4 in. |
| 500 ## - GENERAL NOTE | |
| General note | 10/07/2025 |
| 508 ## - CREATION/PRODUCTION CREDITS NOTE | |
| Creation/production credits note | Director, Joseph Kosinski. |
| 511 1# - PARTICIPANT OR PERFORMER NOTE | |
| Participant or performer note | Brad Pitt, Kerry Condon, Javier Bardem, Damson Idris, Tobias Menzies, Simone Ashley, Liz Kingsman, Kim Bodnia. |
| 520 ## - SUMMARY, ETC. | |
| Summary, etc | Sonny Hayes was the most promising phenom in the 1990s in FORMULA 1 until an accident on the track. Thirty years later, his former teammate Ruben Cervantes convinces him to come back and drive alongside hotshot rookie Joshua Pearce for one last chance to be the best in the world. Sonny's past catches up with him, and he finds that the road to redemption is not something you can travel alone. WARNING: This film contains sequences of flashing lights that may affect viewers who are susceptible to photosensitive epilepsy or other photosensitivities. |
| 521 8# - TARGET AUDIENCE NOTE | |
| Target audience note | MPAA rating: PG-13. |
| 538 ## - SYSTEM DETAILS NOTE | |
| System details note | DVD. |
| 546 ## - LANGUAGE NOTE | |
| Language note | English, Described video (eng, French, Spanish audio; French, Spanish subtitles. |
| 546 ## - LANGUAGE NOTE | |
| Language note | English subtitles for the deaf and hard of hearing. |
| 650 #4 - SUBJECT ADDED ENTRY--TOPICAL TERM | |
| Topical term or geographic name as entry element | Action/Adventure. |
| 650 #4 - SUBJECT ADDED ENTRY--TOPICAL TERM | |
| Topical term or geographic name as entry element | Sports. |
| 650 #4 - SUBJECT ADDED ENTRY--TOPICAL TERM | |
| Topical term or geographic name as entry element | Drama. |
| 655 #4 - INDEX TERM--GENRE/FORM | |
| Genre/form data or focus term | Action/Adventure. |
| 9 (RLIN) | 5706016 |
| 700 1# - ADDED ENTRY--PERSONAL NAME | |
| Personal name | Pitt, Brad |
| 9 (RLIN) | 5750027 |
| 700 1# - ADDED ENTRY--PERSONAL NAME | |
| Personal name | Condon, Kerry |
| 9 (RLIN) | 6360489 |
| 700 1# - ADDED ENTRY--PERSONAL NAME | |
| Personal name | Bardem, Javier |
| 9 (RLIN) | 5737938 |
| 700 1# - ADDED ENTRY--PERSONAL NAME | |
| Personal name | Idris, Damson |
| 9 (RLIN) | 6548314 |
| 700 1# - ADDED ENTRY--PERSONAL NAME | |
| Personal name | Menzies, Tobias |
| 9 (RLIN) | 5980863 |
| 700 1# - ADDED ENTRY--PERSONAL NAME | |
| Personal name | Ashley, Simone |
| 9 (RLIN) | 6474030 |
| 700 1# - ADDED ENTRY--PERSONAL NAME | |
| Personal name | Kingsman, Liz |
| 9 (RLIN) | 6548315 |
| 700 1# - ADDED ENTRY--PERSONAL NAME | |
| Personal name | Bodnia, Kim |
| 9 (RLIN) | 6457408 |
| 856 7# - ELECTRONIC LOCATION AND ACCESS | |
| Materials specified | View cover art |
| Uniform Resource Identifier | <a href="https://thumbnail.midwesttape.com/18462163_180.jpg">https://thumbnail.midwesttape.com/18462163_180.jpg</a> |
| Access method | https |
| 942 ## - ADDED ENTRY ELEMENTS (KOHA) | |
| Source of classification or shelving scheme | Dewey Decimal Classification |
| Koha item type | DVD |
| Withdrawn status | Lost status | Source of classification or shelving scheme | Damaged status | Not for loan | Collection code | Home library | Current library | Shelving location | Date acquired | Source of acquisition | Total Checkouts | Total Renewals | Full call number | Barcode | Checked out | Date last seen | Date checked out | Cost, replacement price | Price effective from | Koha item type |
|---|---|---|---|---|---|---|---|---|---|---|---|---|---|---|---|---|---|---|---|---|
| Dewey Decimal Classification | Movies | Wasatch County Library | Wasatch County Library | Audio Visual Area | 11/10/2025 | Midwest Tape | 13 | 9 | Movie F1: the movie | 34301002172585 | 03/24/2026 | 03/04/2026 | 03/04/2026 | 35.99 | 11/10/2025 | DVD |
